500 tests para aumentar su inteligencia / (Record no. 184313)

MARC details
000 -LEADER
campo de control de longitud fija 00912nam a2200277 i 4500
001 - NÚMERO DE CONTROL
campo de control 184313
003 - IDENTIFICADOR DE NÚMERO DE CONTROL
campo de control ES-MaACL
005 - FECHA Y HORA DE LA ÚLTIMA TRANSACCIÓN
campo de control 20231119140303.0
008 - DATOS DE LONGITUD FIJA--INFORMACIÓN GENERAL
campo de control de longitud fija 150617s1997 sp ad |||| | spa d
020 ## - NÚMERO INTERNACIONAL ESTÁNDAR DEL LIBRO
Número Internacional Estándar del Libro 84-305-8171-5
080 ## - NÚMERO DE LA CLASIFICACIÓN DECIMAL UNIVERSAL
Número de la Clasificación Decimal Universal 159.95.072
100 1# - ENTRADA PRINCIPAL--NOMBRE DE PERSONA
Nombre de persona Azzopardi, Gilles.
9 (RLIN) 157057
245 10 - MENCIÓN DEL TÍTULO
Título 500 tests para aumentar su inteligencia /
Mención de responsabilidad, etc. Gilles Azzopardi.
260 ## - PUBLICACIÓN, DISTRIBUCIÓN, ETC.
Lugar de publicación, distribución, etc. [Girona] :
Nombre del editor, distribuidor, etc. Tikal,
Fecha de publicación, distribución, etc. [1997?]
300 ## - DESCRIPCIÓN FÍSICA
Extensión 445 p. :
Otras características físicas il., gráf. ;
Dimensiones 21 cm.
490 1# - MENCIÓN DE SERIE
Mención de serie El gran libro de_ ;
Designación de volumen o secuencia 1
650 ## - PUNTO DE ACCESO ADICIONAL DE MATERIA--TÉRMINO DE MATERIA
Término de materia o nombre geográfico como elemento de entrada Tests de inteligencia.
9 (RLIN) 17519
740 0# - ENTRADA AGREGADA--TÍTULO RELACIONADO/ANALÍTICO NO CONTROLADO
Título relacionado o analítico no controlado Tests para aumentar su inteligencia.
830 0# - PUNTO DE ACCESO ADICIONAL DE SERIE-TÍTULO UNIFORME
Título uniforme El gran libro de_ ;
Designación de volumen o secuencia 1
9 (RLIN) 225061
852 ## - LOCALIZACIÓN
Ubicación ES-MaACL
Número de control de estantería A-13555
itemnumber 191309
Sublocalización o colección R.150391
Ubicación en estantería Depósito 1
Signatura antigua Olim: N-6555
Donativo/Legado Donación: Roberto Terán
903 ## - NOMBRE PERSONAL DE DONANTE
9 234544
a Terán Martínez, Roberto
942 ## - ELEMENTOS DE ENTRADA SECUNDARIOS (KOHA)
Fuente del sistema de clasificación o colocación Clasificación decimal universal
Tipo de ítem Koha Libro impreso
Holdings
Estatus retirado Estado de pérdida Fuente del sistema de clasificación o colocación Estado de daño No para préstamo Biblioteca de origen Biblioteca actual Ubicación en estantería Fecha de adquisición Fuente de adquisición Total de préstamos Signatura topográfica completa Código de barras Visto por última vez Precio de reemplazo Tipo de ítem Koha
    Clasificación decimal universal     Biblioteca del Ateneo de Madrid Biblioteca del Ateneo de Madrid Depósito 1 17/06/2015 Donación   A-13555 1193902 23/02/2023 23/02/2023 Libro impreso